<?xml version="1.0" encoding="UTF-8"?>
<record
    xmlns:xsi="http://www.w3.org/2001/XMLSchema-instance"
    xsi:schemaLocation="http://www.loc.gov/MARC21/slim http://www.loc.gov/standards/marcxml/schema/MARC21slim.xsd"
    xmlns="http://www.loc.gov/MARC21/slim">

  <leader>00742nam a22002297a 4500</leader>
  <controlfield tag="001">114140</controlfield>
  <controlfield tag="003">DR-UNIBE</controlfield>
  <controlfield tag="005">20251006102907.0</controlfield>
  <controlfield tag="008">251006b        dr ||||| |||| 00| 1 spa d</controlfield>
  <datafield tag="040" ind1=" " ind2=" ">
    <subfield code="a">BIBLIOTECA UNIBE</subfield>
    <subfield code="b">spa</subfield>
    <subfield code="c">BIBLIOTECA UNIBE</subfield>
    <subfield code="e">rda</subfield>
  </datafield>
  <datafield tag="041" ind1=" " ind2=" ">
    <subfield code="a">spa</subfield>
  </datafield>
  <datafield tag="090" ind1=" " ind2=" ">
    <subfield code="a">FBIU-ELD PI S487m</subfield>
  </datafield>
  <datafield tag="100" ind1="1" ind2="0">
    <subfield code="a">Serrano C., A. Rafael</subfield>
    <subfield code="9">199545</subfield>
    <subfield code="e">autor</subfield>
  </datafield>
  <datafield tag="245" ind1="1" ind2="0">
    <subfield code="a">Motivos infantiles /</subfield>
    <subfield code="c">A. Rafael Serrano C.</subfield>
  </datafield>
  <datafield tag="250" ind1=" " ind2=" ">
    <subfield code="a">Primera edici&#xF3;n</subfield>
  </datafield>
  <datafield tag="260" ind1=" " ind2=" ">
    <subfield code="a">Santo Domingo :</subfield>
    <subfield code="b">Librer&#xED;a Editorial Dominicana,</subfield>
    <subfield code="c">1970</subfield>
  </datafield>
  <datafield tag="300" ind1=" " ind2=" ">
    <subfield code="a">41 p&#xE1;ginas :</subfield>
    <subfield code="b">ilustraciones ;</subfield>
    <subfield code="c">20 x 13 cm</subfield>
  </datafield>
  <datafield tag="653" ind1=" " ind2="7">
    <subfield code="a">Poes&#xED;as infantiesl dominicana</subfield>
  </datafield>
  <datafield tag="653" ind1=" " ind2="7">
    <subfield code="a">Amor - Poes&#xED;as infantiles dominicanas</subfield>
  </datafield>
  <datafield tag="653" ind1=" " ind2="7">
    <subfield code="a">Literatura infantil dominicana</subfield>
  </datafield>
  <datafield tag="942" ind1=" " ind2=" ">
    <subfield code="2">ddc</subfield>
    <subfield code="c">BK</subfield>
  </datafield>
  <datafield tag="999" ind1=" " ind2=" ">
    <subfield code="c">114140</subfield>
    <subfield code="d">114140</subfield>
  </datafield>
  <datafield tag="952" ind1=" " ind2=" ">
    <subfield code="0">0</subfield>
    <subfield code="1">0</subfield>
    <subfield code="2">ddc</subfield>
    <subfield code="7">1</subfield>
    <subfield code="8">FBIU</subfield>
    <subfield code="a">Principal</subfield>
    <subfield code="d">2025-08-11</subfield>
    <subfield code="l">0</subfield>
    <subfield code="o">FBIU-ELD PI S487m</subfield>
    <subfield code="p">FBIU0903</subfield>
    <subfield code="r">2025-10-06 10:28:25</subfield>
    <subfield code="t">Ej.1</subfield>
    <subfield code="w">2025-10-06</subfield>
    <subfield code="y">BK-RES</subfield>
  </datafield>
</record>
